Beyond the Mountain /
Steve House (1970), alpinista y guía de montañas norteamericano que en 2006 se hizo acreedor al Premio Piolet d'or, junto con Vince Anderson por escalar la ruta Rupal Face de Nanga Parbat, una de las montañas mas grandes del mundo. En la presente obra narra sus experiencias y anécdotas.
-д хадгалсан:
| Үндсэн зохиолч: | |
|---|---|
| Бусад зохиолчид: | |
| Формат: | Ном |
| Хэл сонгох: | англи |
| Хэвлэсэн: |
California, EUA :
Patagonia,
2013, c2013
|
| Нөхцлүүд: | |
| Онлайн хандалт: | Ver documento en línea |
| Шошгууд: |
Шошго байхгүй, Энэхүү баримтыг шошголох эхний хүн болох!
|
MARC
| LEADER | 00000nam^a2200000^a^4500 | ||
|---|---|---|---|
| 001 | 000410088 | ||
| 005 | 20251023000000.0 | ||
| 009 | 20260310122037.688 | ||
| 020 | |a 978-1-9383400-5-5 | ||
| 037 | |a Acervo ITESO - Biblioteca | ||
| 041 | |a ING | ||
| 082 | |a 796. 522 |b HOU | ||
| 100 | |a House, Steve |e (autor) | ||
| 245 | 1 | 0 | |a Beyond the Mountain / |c S. House ; pról. de R. Messner. |
| 264 | 4 | |a California, EUA : |b Patagonia, |c 2013, c2013 | |
| 264 | 2 | |a Birmingham, EUA : |b EBSCOhost [distribución], |c 2013 | |
| 300 | |a 1 libro electrónico en línea (1 v. sin paginación) | ||
| 300 | |a 1 recurso en línea | ||
| 336 | |a datos para computadora |b cod |2 rdacontenido | ||
| 337 | |a computadora |b c |2 rdamedio | ||
| 338 | |a recurso en línea |b cr |2 rdasoporte | ||
| 506 | 1 | |a 1 licencia | |
| 520 | |a Steve House (1970), alpinista y guía de montañas norteamericano que en 2006 se hizo acreedor al Premio Piolet d'or, junto con Vince Anderson por escalar la ruta Rupal Face de Nanga Parbat, una de las montañas mas grandes del mundo. En la presente obra narra sus experiencias y anécdotas. | ||
| 521 | |a Peticiones 2019 | ||
| 649 | |a XX | ||
| 650 | |a Alpinistas Norteamericanos - |x Memorias | ||
| 650 | |a Deportistas Norteamericanos - |x Memorias | ||
| 650 | |a Alpinismo - |x Anécdotas y Chistes | ||
| 650 | |a Literatura Norteamericana - |y Siglo XXI | ||
| 650 | |a Deportes | ||
| 650 | |a House, Steve - |x Tema Principal | ||
| 700 | |a Messner, Reinhold |e (prólogo) | ||
| 856 | 4 | 0 | |u https://ezproxy.iteso.mx/login?url=https://search.ebscohost.com/login.aspx?direct=true&scope=site&db=nlebk&db=nlabk&AN=684133 |y Ver documento en línea |
| 910 | |a Fondo General | ||
| 920 | |a Electrónicos - Libros en Línea | ||
| 930 | |a Plataforma Digital | ||
| 905 | |a 205 | ||
| 901 | |a 410088-1 |b IT2 |c EBO |i C164673 |u 20250521 | ||
| 902 | |a https://opac.biblio.iteso.mx/vufind/Record/000410088 | ||